000 00303nam a22001097a 4500
008 170120b xxu||||| |||| 00| 0 eng d
020 _a9780838555941
041 _aeng
080 _23RD
_a618.2
245 _aLABORATORY TESTS AND DIAGNOSTIC PROCEDURES WITH NURSING DIAGNOSIS
_cCORBETT, J.V
942 _2udc
_cBK
999 _c3264
_d3264